| 000 | 02431nam a2200577 i 4500 | ||
|---|---|---|---|
| 001 | DIGFCE1482 | ||
| 003 | NyNyDIG | ||
| 006 | m o d | ||
| 007 | cr ||||||||||| | ||
| 008 | 220720s2014 mx a ob 001 0 spa d | ||
| 035 | _a(OCoLC)956131204 | ||
| 040 |
_aDGITA _beng _erda _epn _cDGITA |
||
| 020 |
_a9786071623317 _qeBook _qePub |
||
| 020 | _z9786071621382 | ||
| 041 | 1 |
_aspa _heng |
|
| 050 | 1 | 4 | _aHF5470 ebook |
| 082 | 0 | 4 | _a338.501 |
| 100 | 1 |
_aRoth, Alvin E., _d1951- _eauthor. |
|
| 240 | 1 | 0 |
_aHandbook of market design. _lSpanish _s(Azanza, Franco González and McDougall) |
| 245 | 1 | 0 |
_aDiseño de mercados / _cAlvin E. Roth, Gary E. Bolton, Paul Klemperer ; traducción de Karina Azanza, María Teresa Franco González, Brian McDougall. |
| 250 | _aPrimera edición electrónica. | ||
| 264 | 1 |
_aMéxico D.F. : _bFondo de Cultura Económica, _c2014. |
|
| 300 |
_a1 online resource : _billustrations. |
||
| 336 |
_atext _btxt _2rdacontent |
||
| 337 |
_acomputer file _bc _2rdamedia |
||
| 338 |
_aonline resource _bcr _2rdacarrier |
||
| 347 |
_atext file _2rdaft |
||
| 347 | _bEPUB | ||
| 490 | 1 |
_aBreviarios del Fondo de Cultura Económica ; _v583 |
|
| 504 | _aIncludes bibliographical references and index. | ||
| 588 | 0 | _aOnline resource; title from ePub title page (Digitalia, viewed July 27, 2022) | |
| 650 | 0 |
_aMarkets _xMathematical models. |
|
| 650 | 0 | _aSupply and demand. | |
| 650 | 0 | _aStatistical matching. | |
| 650 | 0 | _aGame theory. | |
| 650 | 0 | _aStatistical matching. | |
| 655 | 0 | _aElectronic books. | |
| 700 | 1 |
_aBolton, Gary E., _eauthor. |
|
| 700 | 1 |
_aKlemperer, Paul, _eauthor. |
|
| 700 | 1 |
_aAzanza, Karina, _etranslator. |
|
| 700 | 1 |
_aFranco González, María Teresa, _etranslator. |
|
| 700 | 1 |
_aMcDougall, Brian, _etranslator. |
|
| 700 | 1 |
_iTranslation of: _aRoth, Alvin E., _d1951- _tHandbook of market design. |
|
| 776 | 0 | 8 |
_iPrint version: _aRoth, Alvin E., 1951- _sHandbook of market design. Spanish (Azanza, Franco González and McDougall). _tDiseño de mercados. _bPrimera edición. _dMéxico D.F. : Fondo de Cultura Económica, 2014 _z9786071621382 |
| 791 | 2 |
_aDigitalia (Firm), _edistributor. |
|
| 793 | 0 |
_gDigitalia eBook Collection: _aFondo de Cultura Económica |
|
| 830 | 0 |
_aBreviarios del Fondo de Cultura Económica ; _v583. |
|
| 856 | 4 | 0 |
_3Digitalia Hispánica _uhttps://www.digitaliapublishing.com/a/64215/ |
| 910 | _aPremium collection: 2022 | ||
| 942 | _cRAA | ||
| 999 |
_c259887 _d259887 |
||